000
00285nam a22001337a 4500
082
_a
823
_b
OLI/V
100
_a
OLIVER
100
_a
GOLD SMITH
245
_a
THE VICAR OF WAKEFIELD
260
_a
MADRAS
_b
MACMILLAN
_c
1980
300
_a
111
650
_a
ENGLISH STORY
_z
INDIA
942
_c
BK
999
_c
7283
_d
7283